Student Solutions Manual to Accompany Chang: Chemistry /
Salvato in:
| Autori principali: | , |
|---|---|
| Natura: | Libro |
| Lingua: | inglese |
| Pubblicazione: |
New York :
McGraw-Hill,
1991
|
| Edizione: | 4th Edition |
| Tags: |
Nessun Tag, puoi essere il primo ad aggiungerne!!
|
MARC
| LEADER | 00000nam a22000003a 4500 | ||
|---|---|---|---|
| 001 | stu24226 | ||
| 005 | 20150617225743.0 | ||
| 008 | 961121s1991----xxu-----------------eng-d | ||
| 020 | |a 0-07-010519-7 | ||
| 040 | |a STU |b slo | ||
| 041 | 0 | |a eng | |
| 044 | |a xxu | ||
| 080 | |a 54 | ||
| 100 | 1 | |a Chang, Raymond |4 aut | |
| 245 | 1 | |a Student Solutions Manual to Accompany Chang: Chemistry / |c [aut.]Mills,Jerry, Chang,Raymond | |
| 250 | |a 4th Edition | ||
| 260 | |a New York : |b McGraw-Hill, |c 1991 | ||
| 300 | |a 391 s : |b Tab.,grafy | ||
| 700 | 1 | |a Mills, Jerry |4 aut | |
| 996 | |b C94586 |c C*94586 |l CCI |s A |a 24 |w stu24226_0001 | ||